| 000 | 02253nam a2200325Ia 4500 | ||
|---|---|---|---|
| 999 |
_c55228 _d55228 |
||
| 001 | 22303 | ||
| 003 | GE_BSU | ||
| 005 | 20230307110729.0 | ||
| 008 | 181216s2010||||ge |||||||||||||| ||geo|| | ||
| 020 | _a9789941401831 | ||
| 040 | _cGE_BSU | ||
| 041 | _ageo | ||
| 080 | _a811.353.1'373.231 ქ-96 | ||
| 100 |
_aქუქჩიშვილი, მაია _917124 |
||
| 245 |
_aჰიპოკორისტები, დემინუტივები, პეიორატივები და გამაზვიადებელი სახელები ქართულ და ბერძნულ ენებში / _cმაია ქუქჩიშვილი ; რედ. სოფიო შამანიდი. |
||
| 264 |
_aთბილისი : _bლოგოსი, _c2010. |
||
| 300 |
_a139 გვ. ; _c20 სმ. |
||
| 490 | _aპროგრამა "ლოგოსი" | ||
| 500 | _aპუბლიკაციები და ღონისძიებები კლასიკური ფილოლოგიის, ბიზანტინისტიკისა და ნეოგრეცისტიკის სფეროში | ||
| 504 | _aბიბლიოგრაფია გვ. : 132-137 | ||
| 520 | _aრეზიუმე ინგლისურ ენაზე | ||
| 541 | _h3 ლ. | ||
| 653 | _aჰიპოკორისტები, დემინუტივები, პეიორატივები და გამაზვიადებელი სახელები ქართულ და ბერძნულ ენებში | ||
| 653 | _aკნინობითი სახელები ქართულ ენაში | ||
| 653 | _aკნინობითი სახელები ბერძნულ ენაში | ||
| 653 | _aსუფიქსები ბერძნულ და ქართულ ენებში | ||
| 700 |
_aშამანიდი, სოფიო _917096 |
||
| 710 |
_aთსუ _bკლასიკური ფილოლოლოგიის ბიზანტიკისა და ნეოგრეცისტიკის ინსტიტუტი _916346 |
||
| 942 |
_cBK _2udc |
||